| 000 | 01017cad a22002295a 4500 | ||
|---|---|---|---|
| 001 | L153221 | ||
| 008 | 110624s20110620 d f s 000 0 eng u | ||
| 035 | _a(Sirsi) u153221 | ||
| 041 | 0 | _aeng | |
| 050 | _a333.33 $2 18 | ||
| 110 | 2 | _aRightmove | |
| 245 | 0 | 0 |
_aFirst half price gains set to ebb away _h[electronic resource] |
| 260 |
_aLondon _bRightmove _c2011 |
||
| 490 | 0 | 0 |
_aRightmove House Price Index _vJune 2011 |
| 520 | _aAverage national price up by 0.6% on the May 2011. Year on year growth is 1.1%. New sellers? asking prices increase for the sixth consecutive month. North south price divide indicates differing economic realities around the country. London prices now at an all-time high. | ||
| 590 | _aKA | ||
| 650 | 2 | 4 | _aRIGHTMOVE HOUSE PRICE INDEX |
| 651 | 4 |
_aUnited Kingdom _y |
|
| 690 | _aPROPERTY-RESIDENTIAL PROPERTY-RESIDENTIAL PROPERTY MARKET | ||
| 856 | 4 | 0 |
_uhttps://www.rightmove.co.uk/news/files/2011/06/june-2011.pdf _zView the item free of charge at www.rightmove.co.uk |
| 942 | _n0 | ||
| 999 |
_c112421 _d112421 |
||